Statistics for Hiragana Words Quiz 3

Click here to take the quiz!

General Stats

  • This quiz has been taken 24 times
  • The average score is 11 of 12

Answer Stats

HintAnswer% Correct
えきeki
100%
ひゃくhyaku
100%
なつnatsu
95%
さかなsakana
95%
あしたashita
90%
おいしいoishii
90%
おもちゃomocha
90%
しんぶんshinbun
90%
よみますyomimasu
90%
へやheya
85%
たてものtatemono
85%
えんぴつenpitsu
80%

Score Distribution

Percentile by Number Answered

Percent of People with Each Score

Your Score History

You have not taken this quiz